[Event "Augsburg op"]
[Site "Augsburg"]
[Date "2013.12.27"]
[Round "1"]
[White "Beck, Gerald"]
[Black "Heinze, Joachim"]
[Result "1-0"]
[WhiteElo "1922"]
[BlackElo "1586"]
[PlyCount "61"]
[EventDate "2013.12.27"]
[EventType "swiss"]
[EventRounds "7"]
[EventCountry "GER"]
[SourceTitle "CBM 158 Extra"]
[Source "ChessBase"]
[SourceDate "2014.02.28"]
[SourceVersion "1"]
[SourceVersionDate "2014.02.28"]
[SourceQuality "1"]

1. c4 c5 2. g3 Nc6 3. Nc3 Nf6 4. Bg2 e5 5. d3 d6 6. e4 Be7 7. Nge2 Be6 8. 0-0 Qd7 9. Nd5 0-0 10. Bd2 Bh3 11. a3 Bxg2 12. Kxg2 Nxd5 13. cxd5 Nd4 14. Nxd4 cxd4 15. b4 b6 16. Qb3 a6 17. a4 Rfc8 18. Rfc1 Rxc1 19. Rxc1 Rc8 20. Rc4 Bd8 21. b5 a5 22. Rc6 Kf8 23. Qc4 Rxc6 24. dxc6 Qe7 25. Qb3 Bc7 26. Bxa5 bxa5 27. b6 Bb8 28. Qb5 Bc7 29. Qa6 Qd8 30. bxc7 Qxc7 31. Qb7 1-0